Zamestnanosť na Slovensku na základe demografie podnikov v rokoch 2019 a 2020 diplomová práca

Na minha lista:
Detalhes bibliográficos
Autor principal: Šponiar, Peter
Autor Corporativo: Fakulta hospodárskej informatiky EU. Katedra štatistiky
Outros Autores: Vojtková, Mária, 1966-
Formato: Livro
Idioma:eslovaco
Publicado em: Bratislava 2023
Tags: Adicionar Tag
Sem tags, seja o primeiro a adicionar uma tag!

MARC

LEADER 00000nbm a2200000 4500
001 0294178
005 20240205145336.7
041 0 |a slo 
044 |a SK 
245 1 0 |a Zamestnanosť na Slovensku na základe demografie podnikov v rokoch 2019 a 2020  |b diplomová práca  |c Peter Šponiar ; školiteľ: Mária Vojtková 
264 1 |a Bratislava  |c 2023 
300 |a 80 s. 
100 1 |a Šponiar, Peter 
700 1 |a Vojtková, Mária, 1966- 
710 2 |a Fakulta hospodárskej informatiky EU. Katedra štatistiky